<?xml version="1.0" encoding="UTF-8"?>
<record
    xmlns:xsi="http://www.w3.org/2001/XMLSchema-instance"
    xsi:schemaLocation="http://www.loc.gov/MARC21/slim http://www.loc.gov/standards/marcxml/schema/MARC21slim.xsd"
    xmlns="http://www.loc.gov/MARC21/slim">

  <leader>01260nam a2200265   4500</leader>
  <controlfield tag="001">113565</controlfield>
  <controlfield tag="003">DR-UNIBE</controlfield>
  <controlfield tag="005">20250506160359.0</controlfield>
  <controlfield tag="008">250506b2007    cl ||||| |||| 00| 0 spa d</controlfield>
  <datafield tag="020" ind1=" " ind2=" ">
    <subfield code="a">9789568491123</subfield>
  </datafield>
  <datafield tag="040" ind1=" " ind2=" ">
    <subfield code="a">BIBLIOTECA UNIBE</subfield>
    <subfield code="b">spa</subfield>
    <subfield code="c">BIBLIOTECA UNIBE</subfield>
    <subfield code="e">rda</subfield>
  </datafield>
  <datafield tag="041" ind1=" " ind2=" ">
    <subfield code="a">spa</subfield>
  </datafield>
  <datafield tag="082" ind1=" " ind2=" ">
    <subfield code="2">22</subfield>
    <subfield code="a">341.481 C397r</subfield>
  </datafield>
  <datafield tag="110" ind1="1" ind2="0">
    <subfield code="a">Centro de Estudios de Justicia de las Am&#xE9;ricas (CEJA)</subfield>
    <subfield code="9">194967</subfield>
  </datafield>
  <datafield tag="245" ind1="1" ind2="0">
    <subfield code="a">Reporte sobre la justicia en las Am&#xE9;ricas 2006-2007 /</subfield>
    <subfield code="c">Centro de Estudios de Justicia de las Am&#xE9;ricas (CEJA) ; coordinaci&#xF3;n de edici&#xF3;n : Catalan Ancic, Ximena, Sandra Araneda Josfr&#xE9; ; presentaci&#xF3;n:  Jaime Arellano, Juan Enrique Vargas</subfield>
  </datafield>
  <datafield tag="260" ind1=" " ind2=" ">
    <subfield code="a">Santiago de Chile : </subfield>
    <subfield code="b">Centro de Estudios de Justicia de las Am&#xE9;ricas (CEJA),</subfield>
    <subfield code="c">2007</subfield>
  </datafield>
  <datafield tag="300" ind1=" " ind2=" ">
    <subfield code="a">586 p&#xE1;ginas :</subfield>
    <subfield code="b">cuadros : </subfield>
    <subfield code="c">28 x 18 cm</subfield>
  </datafield>
  <datafield tag="505" ind1=" " ind2=" ">
    <subfield code="a">Equipo del Reporte |
Presentaci&#xF3;n |
I Parte. Cap&#xED;tulos nacionales |
II Parte. Anexos |
</subfield>
  </datafield>
  <datafield tag="650" ind1=" " ind2="7">
    <subfield code="2">lemb</subfield>
    <subfield code="a">Derechos humanos </subfield>
    <subfield code="x">Informes</subfield>
    <subfield code="9">5169</subfield>
  </datafield>
  <datafield tag="700" ind1="1" ind2="0">
    <subfield code="a">Arellano, Jaime</subfield>
    <subfield code="9">194968</subfield>
    <subfield code="e">presentador</subfield>
  </datafield>
  <datafield tag="700" ind1="1" ind2="0">
    <subfield code="a">Vargas, Juan Enrique</subfield>
    <subfield code="9">194969</subfield>
    <subfield code="e">presentador</subfield>
  </datafield>
  <datafield tag="700" ind1="1" ind2="0">
    <subfield code="a">Catalan Ancic, Ximena</subfield>
    <subfield code="9">194970</subfield>
    <subfield code="e">coordinador de edici&#xF3;n</subfield>
  </datafield>
  <datafield tag="700" ind1="1" ind2="0">
    <subfield code="a">Araneda Josfr&#xE9;, Sandra</subfield>
    <subfield code="9">194971</subfield>
    <subfield code="e">coordinador de edici&#xF3;n</subfield>
  </datafield>
  <datafield tag="942" ind1=" " ind2=" ">
    <subfield code="2">ddc</subfield>
    <subfield code="c">BK</subfield>
  </datafield>
  <datafield tag="999" ind1=" " ind2=" ">
    <subfield code="c">113565</subfield>
    <subfield code="d">113565</subfield>
  </datafield>
  <datafield tag="952" ind1=" " ind2=" ">
    <subfield code="0">0</subfield>
    <subfield code="1">0</subfield>
    <subfield code="2">ddc</subfield>
    <subfield code="7">0</subfield>
    <subfield code="8">GEN</subfield>
    <subfield code="a">Principal</subfield>
    <subfield code="d">2025-04-08</subfield>
    <subfield code="l">0</subfield>
    <subfield code="o">341.481 C397r</subfield>
    <subfield code="p">250390</subfield>
    <subfield code="r">2025-05-06 15:31:47</subfield>
    <subfield code="t">Ej. 1</subfield>
    <subfield code="w">2025-05-06</subfield>
    <subfield code="y">BK</subfield>
  </datafield>
</record>
